000
00311nam a2200133Ia 4500
005
20251222155138.0
008
251222s9999||||xx |||||||||||||| ||spa||
082
_a
MEQ. 109
100
_a
CRUZ, ROJA.
245
0
_a
Manual de Primeros Auxilios e Linea
250
_a
1ra. ed.
264
_b
Albies
942
_c
LIB
999
_c
39076
_d
39076